| 000 | 00416nam a2200169Ia 4500 | ||
|---|---|---|---|
| 005 | 20140402110150.0 | ||
| 008 | 140130s9999 xx 000 0 und d | ||
| 050 |
_aE 99.C85 _b.D4 1989 |
||
| 245 |
_cdePaola, Tomie _aThe legend of the bluebonnet |
||
| 260 |
_bScholastic, _c1983 |
||
| 300 |
_a1 v. _bill. ; _c26 cm. |
||
| 440 |
_v1 _931174 |
||
| 521 | _aG5 | ||
| 526 | _c740 | ||
| 942 |
_cBK _2lcc |
||
| 999 |
_c41077 _d41077 |
||